[Event "División de Honor Aragonesa 2019 - Encuentros por tableros Global"]
[Site ""]
[Date "2019.03.09"]
[Round "7.27"]
[White "Baquedano Coarasa, Pablo"]
[Black "Ferreruela Romero, Jose Joaquin"]
[Result "1-0"]
[WhiteElo "2169"]
[BlackElo "2033"]
[PlyCount "0"]
[WhiteTeam "Palacio de Pioneros A"]
[BlackTeam "San Jose"]
[EventDate "2019.01.26"]

1. d4 Nf6 2. c4 e6 3. Nc3 Bb4 4. e3 b6 5. Nge2 c5 6. a3 Ba5 7. Rb1 Na6 8. Bd2
O-O 9. d5 d6 10. g3 exd5 11. cxd5 Bf5 12. Rc1 Re8 13. Bg2 c4 14. Nd4 Bd3 15. b4
cxb3 16. Nxb3 Nc5 17. Nxa5 bxa5 18. Na4 Nfd7 19. f3 Ba6 20. Bf1 Bxf1 21. Kxf1
Nxa4 22. Qxa4 Nc5 23. Qc4 Rb8 24. Rc2 Nb3 25. e4 Qf6 26. Kg2 Nxd2 27. Rxd2 Rec8
28. Qa4 Qc3 29. Rf2 h5 30. Rd1 Rb2 31. Rdf1 Rb3 32. Rc1 Qxc1 33. Qxb3 h4 34.
Qb7 Rf8 35. a4 Qc5 36. gxh4 Qb4 37. Qd7 a6 38. h5 Qd4 39. Qxd6 Qxa4 40. Qxa6
Qb4 41. Ra2 Qe7 42. Qxa5 Qg5+ 43. Kf2 Rc8 44. Qd2 Qh4+ 45. Kg2 Qxh5 46. Qf4 Rd8
47. h4 Qg6+ 48. Qg5 Qd6 49. Rd2 Rc8 50. Qg3 Qh6 51. Re2 Rd8 52. Qg5 Qb6 53. h5
Ra8 54. e5 Qb5 55. Qd2 Ra3 56. d6 Rd3 57. Qf4 Rxd6 58. exd6 Qxe2+ 59. Kg3 Qd1
60. Kf2 Qc2+ 61. Ke1 Qb1+ 62. Kd2 Qa2+ 63. Ke1 Qb1+ 64. Kf2 Qa2+ 65. Kg3 Qd5
66. h6 g5 67. Qf6 1-0

[Event "División de Honor Aragonesa 2019 - Encuentros por tableros Global"]
[Site ""]
[Date "2019.03.09"]
[Round "7.28"]
[White "Palomar Ramon, Santiago"]
[Black "Dan, Teodor"]
[Result "1-0"]
[WhiteElo "1946"]
[BlackElo "2064"]
[PlyCount "0"]
[WhiteTeam "San Jose"]
[BlackTeam "Palacio de Pioneros A"]
[EventDate "2019.01.26"]


1. Nf3 Nf6 2. g3 g6 3. Bg2 Bg7 4. O-O O-O 5. c4 d6 6. Nc3 Nc6 7. d3 e5 8. Rb1
a5 9. b3 Ne7 10. Qc2 h6 11. Bb2 Be6 12. Rbd1 c5 13. e3 Qb6 14. d4 exd4 15. exd4
Rad8 16. Qc1 Kh7 17. Qa1 Nh5 18. Ne4 Qc7 19. Rfe1 Ng8 20. d5 Bxb2 21. Qxb2 Bd7
22. Nfg5+ hxg5 23. Nxg5+ Kh6 24. Qh8+ Kxg5 25. h4+ Kg4 26. Re4+ Kf5 27. g4# 1-0

[Event "División de Honor Aragonesa 2019 - Encuentros por tableros Global"]
[Site ""]
[Date "2019.03.09"]
[Round "7.29"]
[White "Llanes Luno, Ricardo"]
[Black "Cid Royo, Jonathan"]
[Result "1/2-1/2"]
[WhiteElo "2201"]
[BlackElo "2205"]
[PlyCount "0"]
[WhiteTeam "Delicias"]
[BlackTeam "L'Aurora Estadilla"]
[EventDate "2019.01.26"]

1. e4 c5 2. Nf3 d6 3. d4 cxd4 4. Nxd4 Nf6 5. Nc3 a6 6. h3 e6 7. g4 d5 8. Bg2
Nxe4 9. Nxe4 dxe4 10. Be3 Qa5+ 11. c3 f5 12. Qb3 f4 13. Bxf4 e5 14. O-O-O Be7
15. Rhe1 Nd7 16. Nf5 Nc5 17. Nxg7+ Kf8 18. Qd5 exf4 19. Rxe4 Qc7 20. Qd4 Nxe4
21. Ne6+ Bxe6 22. Qxh8+ Bg8 23. Bxe4 f3 24. Bd5 Bg5+ 25. Kb1 Qg7 26. Qxg7+ Kxg7
27. Bxf3 Rf8 28. Bxb7 Rxf2 29. Bxa6 Rh2 30. Bb7 Bf7 31. Rh1 Bg6+ 32. Ka1 Rc2
33. Rb1 Rh2 34. Rh1 1/2-1/2

[Event "División de Honor Aragonesa 2019 - Encuentros por tableros Global"]
[Site ""]
[Date "2019.03.09"]
[Round "7.30"]
[White "Cid Royo, Oscar"]
[Black "Lamas Mercadal, Manuel"]
[Result "0-1"]
[WhiteElo "2042"]
[BlackElo "2176"]
[PlyCount "0"]
[WhiteTeam "L'Aurora Estadilla"]
[BlackTeam "Delicias"]
[EventDate "2019.01.26"]

1. d4 Nf6 2. Nf3 g6 3. g3 Bg7 4. Bg2 d6 5. b3 c5 6. Bb2 cxd4 7. Bxd4 Nc6 8. Bb2
O-O 9. O-O Qa5 10. Nbd2 Qh5 11. Re1 Bh3 12. Bh1 d5 13. c4 Rad8 14. cxd5 Rxd5
15. Qc1 Rc8 16. Nc4 Rc5 17. Ba3 Rd5 18. Rd1 Rxd1+ 19. Qxd1 Ne4 20. Bb2 Qc5 21.
Qe1 Bxb2 22. Nxb2 Nb4 23. Nd3 Nxd3 24. exd3 Nf6 25. d4 Qc7 26. Ne5 Be6 27. Qe2
Bd5 28. Bxd5 Nxd5 29. Re1 Qc3 30. Kg2 Qxd4 31. Nxf7 Nc3 32. Qf3 Qd5 33. Rxe7
Qxf3+ 34. Kxf3 Rf8 35. Rxb7 Rxf7+ 36. Rxf7 Kxf7 37. a4 Ke6 38. Ke3 Kd5 39. Kd3
Ne4 40. f4 a5 0-1

[Event "División de Honor Aragonesa 2019 - Encuentros por tableros Global"]
[Site ""]
[Date "2019.03.09"]
[Round "7.31"]
[White "Roche Simon, Manuel Angel"]
[Black "Felez Casedas, Carlos"]
[Result "1/2-1/2"]
[WhiteElo "2129"]
[BlackElo "1940"]
[PlyCount "0"]
[WhiteTeam "Delicias"]
[BlackTeam "L'Aurora Estadilla"]
[EventDate "2019.01.26"]

1. e4 e5 2. Nf3 Nf6 3. d4 Nxe4 4. Bd3 d5 5. Nxe5 Bd6 6. O-O O-O 7. c4 c6 8. Nc3
Nxc3 9. bxc3 Bxe5 10. dxe5 dxc4 11. Bxc4 Qe7 12. Re1 Be6 13. Bd3 Rd8 14. Qc2 h6
15. f4 Bc4 16. Bxc4 Qc5+ 17. Be3 Qxc4 18. Rad1 Na6 19. Qb3 Qxb3 20. axb3 Nc7
21. c4 b6 22. f5 Kf8 23. Kf2 Ke7 24. Kf3 c5 25. Ke4 a5 26. g4 Rxd1 27. Rxd1 a4
28. bxa4 Rxa4 29. Kd3 Ra3+ 30. Ke2 Ra4 31. Rb1 Rxc4 32. Rxb6 Rxg4 33. Rb7 Kd7
34. Kf3 Rb4 35. Ra7 c4 36. Bc5 Rb3+ 37. Ke4 Kc6 38. Bd6 Nb5 39. Rxf7 Nxd6+ 40.
exd6 Kxd6 41. Rxg7 c3 42. Rg6+ Kd7 43. Kd3 Rb5 44. Kxc3 Rxf5 45. Rxh6 Ke7 46.
Kd4 Kf7 47. Ke4 Rf6 48. Rh5 Kg6 49. Rh3 Rf1 1/2-1/2

[Event "División de Honor Aragonesa 2019 - Encuentros por tableros Global"]
[Site ""]
[Date "2019.03.09"]
[Round "7.32"]
[White "Fuentes Espuna, Juan Antonio"]
[Black "Fabre Perez, Jose Maria"]
[Result "1-0"]
[WhiteElo "1948"]
[BlackElo "1994"]
[PlyCount "0"]
[WhiteTeam "L'Aurora Estadilla"]
[BlackTeam "Delicias"]
[EventDate "2019.01.26"]

1. d4 Nf6 2. c4 g6 3. Nc3 Bg7 4. e4 d6 5. Nf3 O-O 6. h3 c5 7. d5 b5 8. cxb5 a6
9. Bg5 h6 10. Bh4 axb5 11. Bxb5 Nxe4 12. O-O Nxc3 13. bxc3 Bxc3 14. Rc1 Bg7 15.
Re1 Ra7 16. Qe2 g5 17. Bg3 Na6 18. h4 g4 19. Nd2 Nb4 20. a4 Nxd5 21. Ne4 Be6
22. Red1 Qa5 23. Bc4 Nc3 24. Nxc3 Bxc3 25. Bxe6 fxe6 26. Qxe6+ Kh7 27. Qxg4 Qb4
28. Qe2 Bg7 29. Qd3+ Kh8 30. Rc4 Qb2 31. Rg4 Qf6 32. Rf4 Qe6 33. Re4 Qf7 34.
Rde1 Bf6 35. Rg4 Rg8 36. Rxg8+ Qxg8 37. Qf5 Qf7 38. Re6 Kg7 39. Re4 h5 40. Bf4
Qg6 41. Qe6 Bd4 42. Qd5 Qf6 43. Qxh5 Qg6 44. Qd5 Bf6 45. h5 Qf7 46. Bh6+ 1-0

[Event "ARA Campeonato de Aragon por Equipos Preferente Grupo I (204363)"]
[Site ""]
[Date "2019.03.09"]
[Round "7.33"]
[White "Antonano Fedz-Quincoces, Avelino"]
[Black "Gomez Calomarde, Saul"]
[Result "1-0"]
[WhiteElo "2164"]
[BlackElo "2033"]
[PlyCount "0"]
[WhiteTeam "St. Casablanca C"]
[BlackTeam "Teruel B"]
[EventDate "2019.01.26"]

1. e4 b6 2. d4 Bb7 3. Nc3 e6 4. Bd3 c5 5. Nf3 cxd4 6. Nxd4 Nc6 7. Be3 Bb4 8.
Nde2 d5 9. exd5 exd5 10. Bd2 Nge7 11. a3 Bd6 12. Nb5 Be5 13. c3 Qd7 14. O-O f5
15. Re1 O-O 16. f4 Bf6 17. Be3 Nc8 18. Qc2 g6 19. Rad1 Rd8 20. Qd2 N6e7 21. Bd4
Bxd4+ 22. Nbxd4 Nd6 23. Nf3 Nc6 24. Ne5 Nxe5 25. fxe5 Ne4 26. Bxe4 fxe4 27. Nd4
Qe7 28. e6 Bc8 29. b4 Rd6 30. Nb5 Rxe6 31. Qxd5 Bb7 32. Qa2 Kg7 33. Nc7 Rf6 34.
Nxa8 Bxa8 35. Re3 h5 36. Qd2 Qe5 37. Qd4 Qf4 38. Ree1 Bb7 39. Rf1 Qg5 40. Qxf6+
1-0

[Event "ARA Campeonato de Aragon por Equipos Preferente Grupo I (204363)"]
[Site ""]
[Date "2019.03.09"]
[Round "7.34"]
[White "Gil Pineiro, David"]
[Black "Garcia Andres, Daniel"]
[Result "0-1"]
[WhiteElo "1911"]
[BlackElo "1992"]
[PlyCount "0"]
[WhiteTeam "Teruel B"]
[BlackTeam "St. Casablanca C"]
[EventDate "2019.01.26"]

1.d4 d6 2.Bf4 g6 3.Nc3 Bg7 4.e4 Nc6 5.d5 Ne5 6.h3 Nf6 7.Nf3 Nfd7 8.Be2 c5 9.
O-O Nxf3+ 10.Bxf3 b5 11.Re1 Rb8 12.a3 O-O 13.Qd2 {Suena el móvil de las blancas}
0-1

[Event "ARA Campeonato de Aragon por Equipos Preferente Grupo I (204363)"]
[Site ""]
[Date "2019.03.09"]
[Round "7.35"]
[White "Rodes Apilluelo, Jose Maria"]
[Black "Arpa Pardos, Emilio"]
[Result "0-1"]
[WhiteElo "1909"]
[BlackElo "1900"]
[PlyCount "0"]
[WhiteTeam "St. Casablanca C"]
[BlackTeam "Teruel B"]
[EventDate "2019.01.26"]

1.Nf3 Nf6 2.c4 c6 3.Nc3 d5 4.e3 a6 5.d4 Bg4 6.h3 Bxf3 7.Qxf3 b5 8.b3 e6 9.Bd3
Bb4 10.Bd2 Qa5 11.Nb1 Bxd2+ 12.Nxd2 Qc3 13.Ke2 e5 14.Rac1 Qxd3+ 15.Kxd3 e4+
16.Nxe4 dxe4+ 17.Qxe4+ Nxe4 18.Kxe4 Nd7 19.cxb5 cxb5 20.Rc7 Nf6+ 21.Kf3 O-O
22.Rc5 Nd7 23.Rc7 Nb6 24.e4 Rfc8 25.Rhc1 Kf8 26.Kf4 Ke8 27.Ke5 Nc4+

[Event "ARA Campeonato de Aragon por Equipos Preferente Grupo I (204363)"]
[Site ""]
[Date "2019.03.09"]
[Round "7.36"]
[White "Pache Marconell, Juan"]
[Black "Alvarez Gonzalo, Miguel Angel"]
[Result "0-1"]
[WhiteElo "1870"]
[BlackElo "1817"]
[PlyCount "0"]
[WhiteTeam "Teruel B"]
[BlackTeam "St. Casablanca C"]
[EventDate "2019.01.26"]

1.d4 Nf6 2.c4 e6 3.Nf3 b6 4.a3 Be7 5.Bf4 O-O 6.Nc3 Bb7 7.e3 d5 8.h3 Bd6 9.Ne5
Nbd7 10.Be2 dxc4 11.O-O Nd5 12.Bg3 Nxc3 13.bxc3 Nf6 ({   Fritz 5.32:} 13...
Bxe5 14.dxe5 Bd5 15.f3 a6 16.e4 Bc6 17.Qd2 Nc5 18.Rad1) 14.f3 Nd5 15.Qd2 f6
16.e4 Ne7 ({   Fritz 5.32:} 16...fxe5 17.exd5 exd4 18.Bxd6 Qxd6 19.Qxd4 exd5
20.f4 Rae8 21.Bf3) 17.f4 fxe5 18.fxe5 Bxa3 19.Rxf8+ Qxf8 20.Rxa3 Bxe4 21.Bxc4
Bd5 22.Bd3 Nf5 23.Bf2 Qxa3 24.c4 Qa1+ 25.Kh2 Bb7 26.Bc2 Rd8 27.Qg5 Rxd4 28.
Bxf5 exf5 29.Qe7 h6 30.Qe6+ Kh8 31.Qe7 (31.Qxf5 Rd8) 31...Rf4 32.Qd8+ Kh7 33.
Qd2 Rxf2 34.Qxf2 Qxe5+ 0-1

[Event "ARA Campeonato de Aragon por Equipos Preferente Grupo I (204363)"]
[Site ""]
[Date "2019.03.09"]
[Round "7.37]
[White "Sierra Aguerri, Joaquin"]
[Black "Planas Torrea, Francisco Javier"]
[Result "1/2-1/2"]
[WhiteElo "2082"]
[BlackElo "2060"]
[PlyCount "0"]
[WhiteTeam "Tauste"]
[BlackTeam "Ejea"]
[EventDate "2019.01.26"]

1. d4 Nf6 2. Bf4 g6 3. e3 Bg7 4. Nf3 d6 5. h3 O-O 6. Be2 Nbd7 7. O-O b6 8. a4
a6 9. Na3 Bb7 10. a5 b5 11. c4 b4 12. Nc2 c5 13. d5 Nh5 14. Bh2 Bxb2 15. Nd2
Bxa1 16. Qxa1 Ng7 17. e4 f5 18. f4 fxe4 19. Nxe4 Nf6 20. Ng5 Bc8 21. g4 Rb8 22.
Bd3 b3 23. Ne3 b2 24. Qe1 Rb3 25. Bb1 Ra3 26. Ng2 Ra1 27. Nh4 Qxa5 28. Qxe7
Rxb1 29. Rxb1 Qc3 30. Qe2 Qc1+ 31. Qf1 Qc2 32. f5 Nfe8 33. Qd1 Qxd1+ 34. Rxd1
gxf5 35. Rb1 fxg4 36. Rxb2 Nf5 37. Nxf5 Bxf5 38. hxg4 Bxg4 39. Ne4 Bh3 40. Rf2
Rxf2 41. Kxf2 Bf5 42. Nxd6 Nxd6 43. Bxd6 Bd3 44. Bxc5 Bxc4 45. d6 Bb5 46. Ke1
Kf7 47. Kd2 Ke6 48. Kc3 Kd5 49. d7 Bxd7 50. Be7 a5 51. Kb2 1/2-1/2

[Event "ARA Campeonato de Aragon por Equipos Preferente Grupo I (204363)"]
[Site ""]
[Date "2019.03.09"]
[Round "7.38"]
[White "Planas Torrea, Alberto"]
[Black "Fernandez Rubio, Rafael"]
[Result "0-1"]
[WhiteElo "1915"]
[BlackElo "2054"]
[PlyCount "0"]
[WhiteTeam "Ejea"]
[BlackTeam "Tauste"]
[EventDate "2019.01.26"]

1. e4 g6 2. d4 Bg7 3. Ne2 c6 4. g3 d5 5. Nbc3 dxe4 6. Nxe4 Bg4 7. Bg2 Bxe2 8.
Qxe2 Qxd4 9. O-O Nf6 10. Rd1 Qe5 11. Bf4 Qe6 12. Nxf6+ Qxf6 13. Rd6 e6 14. Rad1
O-O 15. c3 a5 16. Qe3 Qe7 17. Bg5 Bf6 18. Bh6 Re8 19. h4 a4 20. Qc5 Na6 21. Qb6
Qc7 22. Be3 Qxb6 23. Bxb6 a3 24. bxa3 Nb8 25. Bc5 Be7 26. Bb4 Bxd6 27. Rxd6 Na6
28. Rd7 Nxb4 29. axb4 Reb8 30. b5 cxb5 31. Bxb7 Rxa2 32. Be4 Ra1+ 33. Kg2 Rc1
34. Rc7 b4 35. c4 b3 36. c5 b2 37. c6 b1=Q 38. Bxb1 0-1

[Event "ARA Campeonato de Aragon por Equipos Preferente Grupo I (204363)"]
[Site ""]
[Date "2019.03.09"]
[Round "7.39"]
[White "Sancho Casale, Jesus"]
[Black "Marcellan Peire, Jesus Eduardo"]
[Result "0-1"]
[WhiteElo "1970"]
[BlackElo "1904"]
[PlyCount "0"]
[WhiteTeam "Tauste"]
[BlackTeam "Ejea"]
[EventDate "2019.01.26"]

1. Nf3 Nf6 2. c4 c5 3. g3 g6 4. b3 Bg7 5. Bb2 O-O 6. Bg2 Nc6 7. O-O d6 8. d4
cxd4 9. Nxd4 Qb6 10. Nxc6 bxc6 11. Nc3 Bb7 12. Qc2 Rac8 13. Rac1 Rfe8 14. Bh3
Rb8 15. Rfd1 Bc8 16. Bg2 Bf5 17. Qd2 h5 18. c5 dxc5 19. Na4 Qc7 20. Rxc5 Red8
21. Qc1 Rxd1+ 22. Qxd1 Rd8 23. Qc1 Qd7 24. Bxc6 Qd1+ 25. Qxd1 Rxd1+ 26. Kg2 Rd2
27. Kf1 Rd1+ 28. Kg2 Rd2 29. Bf3 Ne4 30. Bxg7 Kxg7 31. h3 Nxc5 0-1

[Event "ARA Campeonato de Aragon por Equipos Preferente Grupo I (204363)"]
[Site ""]
[Date "2019.03.09"]
[Round "7.40"]
[White "Asin Jimenez, Pedro Jose"]
[Black "Carbonel Sanchez, Andres"]
[Result "1/2-1/2"]
[WhiteElo "1735"]
[BlackElo "1796"]
[PlyCount "0"]
[WhiteTeam "Ejea"]
[BlackTeam "Tauste"]
[EventDate "2019.01.26"]

1. e4 c5 2. Nf3 Nc6 3. d4 cxd4 4. Nxd4 e5 5. Nb5 a6 6. Nd6+ Bxd6 7. Qxd6 Qf6 8.
Qxf6 Nxf6 9. Nc3 Nb4 10. Kd2 d6 11. f3 Be6 12. a3 Nc6 13. Ke1 d5 14. exd5 Nxd5
15. Nxd5 Bxd5 16. Bd3 O-O 17. Be3 Rfe8 18. Kf2 e4 19. fxe4 Bxe4 20. Bxe4 Rxe4
21. Rae1 Rae8 22. Bc5 f5 23. c3 Rxe1 24. Rxe1 Rxe1 25. Kxe1 Kf7 26. Ke2 Ke6 27.
c4 g5 28. Ke3 Ke5 29. b4 f4+ 30. Kd3 b5 31. Bf2 h5 32. c5 Kd5 33. Kc3 Ke4 34.
Kd2 f3 35. gxf3+ Kxf3 1/2-1/2

[Event "ARA Campeonato de Aragon por Equipos Preferente Grupo I (204363)"]
[Site ""]
[Date "2019.03.09"]
[Round "7.41"]
[White "Palacios Latasa, Elias"]
[Black "Romon Poves, Raul"]
[Result "0-1"]
[WhiteElo "2216"]
[BlackElo "2257"]
[PlyCount "0"]
[WhiteTeam "Ibercaja B"]
[BlackTeam "Shatranj"]
[EventDate "2019.01.26"]

1. e4 c5 2. b3 a6 3. Bb2 Nc6 4. g3 d5 5. Bg2 d4 6. f4 e5 7. Nf3 exf4 8. gxf4
Bd6 9. e5 Be7 10. O-O Nh6 11. c3 Nf5 12. cxd4 cxd4 13. Na3 O-O 14. Nc4 b5 15.
Nd6 Bxd6 16. exd6 Qxd6 17. Qc2 Nfe7 18. Nxd4 Nxd4 19. Qd3 Bf5 20. Qxd4 Qg6 21.
Rf3 Rad8 22. Qf2 Qd6 23. Re1 Ng6 24. d3 Rfe8 25. Be5 Qd7 26. Bf1 f6 27. Bb2 Qd6
28. Rfe3 Rxe3 29. Rxe3 Qxf4 30. Rf3 Qg4+ 31. Rg3 Qf4 32. Qxf4 Nxf4 33. Rf3 Nxd3
34. Bxf6 gxf6 35. Rxf5 Kg7 36. Rf3 Ne5 37. Rc3 Rd2 38. a4 b4 39. Rg3+ Kf7 40.
Bxa6 f5 41. Bb7 Ra2 42. Rg2 Ra1+ 43. Kf2 f4 $138 0-1

[Event "ARA Campeonato de Aragon por Equipos Preferente Grupo I (204363)"]
[Site ""]
[Date "2019.03.09"]
[Round "7.42"]
[White "Franco Ibanez, Carlos"]
[Black "Villalba Embid, Marcos"]
[Result "0-1"]
[WhiteElo "1978"]
[BlackElo "2020"]
[PlyCount "0"]
[WhiteTeam "Shatranj"]
[BlackTeam "Ibercaja B"]
[EventDate "2019.01.26"]
1. d4 Nf6 2. c4 g6 3. Nc3 Bg7 4. e4 d6 5. Nf3 O-O 6. Be2 e5 7. O-O Nc6 8. d5
Ne7 9. b4 Nh5 10. Re1 Bg4 11. Nd2 Bxe2 12. Qxe2 Nf4 13. Qf1 f5 14. Nb3 c6 15.
dxc6 bxc6 16. Be3 Ne6 17. f3 f4 18. Bf2 g5 19. Red1 g4 20. fxg4 f3 21. g3 Qd7
22. h3 Ng5 23. Kh2 Rf6 24. Be3 Bh6 25. Qf2 Nxh3 26. Kxh3 Bxe3 27. Qxe3 Kg7 28.
Kh2 Rh6+ 29. Kg1 Qxg4 30. Qxh6+ Kxh6 31. Kf2 Kg7 32. Rxd6 Qh3 33. Rf1 Qg2+ 34.
Ke1 Qxg3+ 35. Kd1 Qg2 36. Nd2 Rf8 37. Rd3 f2 38. Ne2 Ng6 39. Rg3 Qh2 40. Nf3
Qh6 41. Rxf2 Rd8+ 42. Kc2 Qe3 43. Rfg2 Qxe4+ 44. Kb2 Rd3 45. Nc3 Qxc4 46. Nxe5
0-1

[Event "ARA Campeonato de Aragon por Equipos Preferente Grupo I (204363)"]
[Site ""]
[Date "2019.03.09"]
[Round "7.43"]
[White "Millan Martin, Alfonso"]
[Black "Santos Hernandez, Higinio"]
[Result "1-0"]
[WhiteElo "1914"]
[BlackElo "1392"]
[PlyCount "0"]
[WhiteTeam "Ibercaja B"]
[BlackTeam "Shatranj"]
[EventDate "2019.01.26"]

1. c4 c5 2. Nc3 Nc6 3. g3 d6 4. Bg2 Bd7 5. Nf3 Nf6 6. O-O e6 7. d4 cxd4 8. Nxd4
a6 9. b3 Be7 10. Bb2 Qc7 11. Qd2 O-O 12. Rac1 Rac8 13. Nd5 exd5 14. cxd5 Qb6
15. dxc6 bxc6 16. e4 Rfd8 17. h3 d5 18. exd5 cxd5 19. Rxc8 Bxc8 20. Rc1 Bb7 21.
Nf5 Bf8 22. Qg5 Kh8 23. Bd4 Qe6 24. Rc7 Bc8 25. g4 Qe1+ 26. Kh2 Bxf5 27. Bxf6
Bd6+ 28. f4 Bxf4+ 29. Qxf4 gxf6 30. Qxf5 Qe5+ 31. Qxe5 fxe5 32. Rxf7 d4 33. Re7
d3 34. Rxe5 d2 35. Bf3 d1=Q 36. Bxd1 Rxd1 37. Ra5 Rd6 38. Kg3 Kg7 39. Kf4 Kf6
40. Rf5+ Ke6 41. Rh5 Rd2 42. Rh6+ Kd5 43. Rxa6 Rd3 44. h4 Rd1 45. Kg5 Kc5 46.
h5 Kb5 47. Ra7 Rd2 48. Kh6 Kb6 49. Ra4 Rd6+ 50. Kxh7 Rd7+ 51. Kg6 Rd6+ 52. Kf7
Rd1 53. h6 Rf1+ 54. Kg7 Rd1 55. Rf4 Rd2 56. h7 1-0

[Event "ARA Campeonato de Aragon por Equipos Preferente Grupo I (204363)"]
[Site ""]
[Date "2019.03.09"]
[Round "7.44"]
[White "Alvaro Rada, Gonzalo"]
[Black "Ruiz Gutierrez, Jose Manuel"]
[Result "0-1"]
[WhiteElo "1285"]
[BlackElo "1701"]
[PlyCount "0"]
[WhiteTeam "Shatranj"]
[BlackTeam "Ibercaja B"]
[EventDate "2019.01.26"]

1. e4 c5 2. Nf3 g6 3. d4 cxd4 4. Nxd4 Bg7 5. c3 Nc6 6. Nxc6 bxc6 7. Nd2 Nf6 8.
Be2 O-O 9. O-O Rb8 10. Qc2 Qc7 11. Re1 d5 12. exd5 cxd5 13. Nf1 e5 14. Ng3 Be6
15. b3 Rfc8 16. Bb2 h5 17. h4 e4 18. Ba6 Rd8 19. Bf1 Ng4 20. Nh1 0-1

[Event "ARA Campeonato de Aragon por Equipos Preferente Grupo I (204363)"]
[Site ""]
[Date "2019.03.09"]
[Round "7.45"]
[White "Galve Guinea, Alejandro"]
[Black "Miranda Herrera, Jorge Manuel"]
[Result "1-0"]
[WhiteElo "2001"]
[BlackElo "1950"]
[PlyCount "0"]
[WhiteTeam "El Olivar C"]
[BlackTeam "Monsalud-Soluzion"]
[EventDate "2019.01.26"]

1. d4 d5 2. Nf3 Nf6 3. c4 c6 4. Nc3 g6 5. cxd5 cxd5 6. Bf4 Bg7 7. e3 O-O 8. Bd3
Nc6 9. h3 b6 10. O-O Bb7 11. Rc1 Rc8 12. Qa4 a6 13. b4 a5 14. b5 Nb8 15. Ne5
Nfd7 16. Nf3 Nf6 17. Rc2 Nbd7 18. Rfc1 Ne4 19. Nxe4 dxe4 20. Rxc8 Qxc8 21. Rxc8
Rxc8 22. Be2 exf3 23. Bxf3 Bxf3 24. gxf3 e5 25. dxe5 Nxe5 26. Qe4 Re8 27. Qb7
g5 28. Bxe5 1-0

[Event "ARA Campeonato de Aragon por Equipos Preferente Grupo I (204363)"]
[Site ""]
[Date "2019.03.09"]
[Round "7.46"]
[White "Miranda Garcia, Eduardo"]
[Black "Hernandez Delgado, Gabriel"]
[Result "1-0"]
[WhiteElo "1788"]
[BlackElo "1894"]
[PlyCount "0"]
[WhiteTeam "Monsalud-Soluzion"]
[BlackTeam "El Olivar C"]
[EventDate "2019.01.26"]

1. e4 c5 2. g3 d5 3. exd5 Qxd5 4. Nf3 Nc6 5. Nc3 Qe6+ 6. Be2 Bd7 7. O-O O-O-O
8. Re1 Nd4 9. Nxd4 cxd4 10. Nb5 Qb6 11. a4 a6 12. Na3 e5 13. Nc4 Qc7 14. a5 Bc6
15. d3 f6 16. Bg4+ Kb8 17. f4 Bb4 18. fxe5 Bxe1 19. Qxe1 Ka8 20. Bf4 g5 21. Bd2
h6 22. c3 fxe5 23. Qxe5 Qxe5 24. Nxe5 Nf6 25. Nxc6 bxc6 26. Bf3 Kb7 27. Re1
Rhe8 28. Rxe8 Nxe8 29. cxd4 Rxd4 30. Be4 Rd7 31. Bc3 Nd6 32. Kf2 Nxe4+ 33. dxe4
c5 34. Kf3 h5 35. e5 Rf7+ 36. Ke4 Kc6 37. e6 Rf2 38. Ke5 g4 39. e7 Kd7 40. Kd5
Kxe7 41. Kxc5 Kd7 42. Kb6 Rf5 43. Kxa6 Kc6 44. Ka7 Rf7+ 45. Ka6 Rf8 46. Bd4 Rd8
47. Bb6 Rd5 48. b4 Rb5 49. Bc5 Rb7 50. Bb6 Rf7 51. b5+ Kd6 52. Be3 Kd5 53. Bf4
Kc5 54. b6 Kc6 55. Bc7 Rf8 56. Ka7 Rf7 57. a6 Rxc7+ 58. b7 Rf7 59. Ka8 1-0

[Event "ARA Campeonato de Aragon por Equipos Preferente Grupo I (204363)"]
[Site ""]
[Date "2019.03.09"]
[Round "7.47"]
[White "Labrador Postigo, Francisco M."]
[Black "Miranda Herrera, Miguel"]
[Result "1/2-1/2"]
[WhiteElo "1876"]
[BlackElo "1748"]
[PlyCount "0"]
[WhiteTeam "El Olivar C"]
[BlackTeam "Monsalud-Soluzion"]
[EventDate "2019.01.26"]

1. d4 Nf6 2. Nf3 g6 3. Bf4 Bg7 4. e3 O-O 5. Be2 d6 6. O-O Nc6 7. h3 Nd7 8. c4
e5 9. Bg5 f6 10. Bh4 g5 11. Bg3 f5 12. dxe5 Ndxe5 13. Nxe5 Nxe5 14. f4 Nd7 15.
Nc3 Bxc3 16. bxc3 Nc5 17. fxg5 Qxg5 18. Bf4 Qh4 19. Bf3 Ne6 20. Bd5 Kh8 21. Bh2
Rb8 22. Rb1 b6 23. Rf3 Bd7 24. Qc2 f4 25. Qe4 Qf6 26. Bxe6 Qxe6 27. Qd4+ Qf6
28. Bxf4 Qxd4 29. cxd4 Bf5 30. Rc1 Be4 31. Rg3 Rg8 32. Rxg8+ Rxg8 33. g3 Rd8
34. c5 dxc5 35. Bxc7 Rd5 36. Bb8 a6 37. Bc7 cxd4 38. exd4 Rb5 39. Be5+ Kg8 40.
Rc8+ Kf7 41. Rb8 Rb2 42. a3 b5 43. Rb6 a5 44. Ra6 a4 45. Rb6 Rg2+ 46. Kf1 Ra2
47. Ke1 Bd3 48. Bd6 Ke6 49. Bc5+ Kd5 50. Rd6+ Kc4 51. g4 Re2+ 52. Kd1 Rh2 53.
Bb4 Rxh3 54. Rd8 Rg3 55. d5 Rxg4 56. d6 Bf5 57. Rf8 Rd4+ 58. Ke2 Bg4+ 59. Ke3
h5 60. Rh8 Kd5 61. d7 Re4+ 62. Kd3 Rd4+ 63. Kc3 Rc4+ 64. Kd3 Rd4+ 65. Ke3 Re4+
66. Kd3 Rd4+ 67. Ke3 Re4+ 68. Kd3 Bxd7 69. Rxh5+ Re5 70. Rxe5+ Kxe5 1/2-1/2

[Event "ARA Campeonato de Aragon por Equipos Preferente Grupo I (204363)"]
[Site ""]
[Date "2019.03.09"]
[Round "7.48"]
[White "Castera Montagud, Rafael"]
[Black "De La Riva Fernandez, Eduardo"]
[Result "0-1"]
[WhiteElo "1671"]
[BlackElo "1794"]
[PlyCount "0"]
[WhiteTeam "Monsalud-Soluzion"]
[BlackTeam "El Olivar C"]
[EventDate "2019.01.26"]

1. e4 e6 2. d4 d5 3. exd5 exd5 4. Nf3 Bd6 5. c4 c6 6. Nc3 Ne7 7. cxd5 O-O 8.
Bd3 Bf5 9. O-O Bxd3 10. Qxd3 Nxd5 11. Nxd5 cxd5 12. Qb5 Qd7 13. Qb3 Nc6 14. Be3
Rac8 15. Rac1 b6 16. a3 Na5 17. Qd3 Rxc1 18. Bxc1 Re8 19. b3 Qe7 20. Bd2 Bxa3
21. Re1 Qd8 22. Bxa5 bxa5 23. Rxe8+ Qxe8 24. Qa6 Qe4 25. Qxa5 Qb1+ 26. Qe1 Qxb3
27. h4 h6 28. Qe8+ Bf8 29. Ne5 Qb1+ 30. Kh2 Qb7 31. Nd7 Qc7+ 32. g3 Qd6 33. Qc8
a5 34. Ne5 f6 35. Ng6 h5 36. Qf5 a4 37. Qc8 a3 38. Qa8 Kf7 39. Nxf8 Qxf8 40.
Qxd5+ Kg6 41. Qb3 Qa8 42. Qa2 Qa4 43. d5 Qb4 44. Qc2+ Kh6 45. Qc1+ Kh7 46. Qc2+
Kh6 47. Qc1+ Kg6 48. Qc2+ f5 49. Qc6+ Kh7 50. d6 Qd2 51. d7 Qxf2+ 52. Qg2 Qd4
53. Qa2 Qxd7 54. Qxa3 g6 55. Qb2 Qe6 56. Qd2 Qe7 57. Kg2 Qb7+ 58. Kh2 Qc6 59.
Qf2 Kg7 60. Kg1 Kf6 61. Qd4+ Ke6 62. Qe3+ Kd5 63. Qd2+ Kc5 64. Qc3+ Kd6 65.
Qd4+ Ke6 66. Qe3+ Kd6 67. Qd4+ Ke6 68. Qe3+ Kd5 69. Qd2+ Ke5 70. Qe3+ Qe4 71.
Kf2 Kd5 72. Qb3+ Qc4 73. Qxc4+ Kxc4 74. Kf3 Kd5 75. Kf4 Ke6 76. Kg5 Kf7 77. Kh6
Kf6 78. Kh7 g5 79. Kh6 gxh4 80. gxh4 f4 81. Kxh5 f3 82. Kg4 f2 83. h5 f1=Q 0-1

[Event "ARA Campeonato de Aragon por Equipos Preferente Grupo I (204363)"]
[Site ""]
[Date "2019.03.09"]
[Round "7.49"]
[White "Hinojar Basa, Alfonso"]
[Black "Montes Santos, Lorenzo"]
[Result "1/2-1/2"]
[WhiteElo "2192"]
[BlackElo "2052"]
[PlyCount "0"]
[WhiteTeam "Marcos Frechin A"]
[BlackTeam "Agrupacion B"]
[EventDate "2019.01.26"]

1. e4 c5 2. Nc3 Nc6 3. a3 e6 4. Nf3 d6 5. d4 cxd4 6. Nxd4 Nf6 7. Be2 Be7 8. Be3
Bd7 9. Qd2 Nxd4 10. Bxd4 Bc6 11. f3 O-O 12. O-O-O Qa5 13. Kb1 Kh8 14. Nb5 Qxd2
15. Rxd2 a6 16. Bxf6 Bxf6 17. Nxd6 b5 18. Rhd1 Kg8 19. g3 Rfb8 20. c4 b4 21.
Ka2 bxa3 22. Kxa3 a5 23. Nb5 Be7+ 24. Ka4 Bb4 25. Rd4 Bc5 26. R4d2 Bb4 27. Rd4
Bc5 28. R4d2 Bb4 1/2-1/2